Countries by Coat of Arms #1 - Statistics

General Stats
  • This quiz has been taken 72,875 times
    72,841 since last reset
  • The average score is 13 of 18
Answer Stats
Picture Answer % Correct
United States
99%
South Korea
96%
China
92%
Germany
88%
Israel
88%
Iceland
87%
Nepal
86%
Spain
85%
Greece
83%
Iran
77%
Ireland
69%
Taiwan
62%
Afghanistan
58%
Laos
56%
Bangladesh
47%
Mongolia
47%
Malaysia
40%
Papua New Guinea
19%
No matching quizzes found
Score Distribution
Percent of People with Each Score
Percentile by Number Answered
Your Score History
You have not taken this quiz since the last reset